[Event "Harburg-ch Gruppe E"]
[Site "Hamburg"]
[Date "2010.08.22"]
[Round "4"]
[White "Kolschewski, Tobias"]
[Black "Moeller, Dustin"]
[Result "1/2-1/2"]
[WhiteElo "1682"]
[BlackElo "1842"]
[PlyCount "75"]
[EventDate "2010.08.20"]
[EventType "tourn"]
[EventRounds "5"]
[EventCountry "GER"]
[SourceDate "2010.08.20"]

1. c4 Nf6 2. g3 g6 3. Bg2 Bg7 4. Nc3 d6 5. e4 O-O 6. Nge2 c5 7. d3 Nc6 8. h3 a6
9. O-O Ne8 10. f4 f5 11. Be3 Nd4 12. Bf2 Nxe2+ 13. Qxe2 Rb8 14. e5 b6 15. d4
cxd4 16. Bxd4 Nc7 17. Nd5 Ne6 18. Bc3 Re8 19. Nb4 Qc7 20. Bc6 a5 21. Bxe8 Qc5+
22. Qf2 axb4 23. Qxc5 bxc5 24. Be1 Ba6 25. Bb5 Bxb5 26. cxb5 dxe5 27. fxe5 Bxe5
28. Rb1 Rxb5 29. Kg2 Ng5 30. Rf2 Ne4 31. Re2 Bd4 32. b3 e5 33. Rd1 Kf7 34. g4
Ke7 35. Bd2 Nxd2 36. Rexd2 f4 37. Kf3 Ke6 38. Ke4 1/2-1/2

[Event "Harburg-ch Gruppe E"]
[Site "Hamburg"]
[Date "2010.08.22"]
[Round "4"]
[White "Schuette, Ulrich"]
[Black "Lochmann, Viktor"]
[Result "1/2-1/2"]
[WhiteElo "1854"]
[BlackElo "1879"]
[PlyCount "103"]
[EventDate "2010.08.20"]
[EventType "tourn"]
[EventRounds "5"]
[EventCountry "GER"]
[SourceDate "2010.08.20"]

1. d4 d5 2. c4 c6 3. e3 Bf5 4. Nc3 Nf6 5. Qb3 Qd7 6. Nf3 (6. cxd5 cxd5 7. Nf3)
6... e6 7. Ne5 Qc7 8. Bd2 Nbd7 9. cxd5 exd5 10. f4 Ne4 11. Rc1 Nxd2 12. Kxd2
Qb6 13. Qxb6 Nxb6 14. g4 Be4 (14... Bd7) 15. Nxe4 dxe4 16. a3 (16. Bg2) 16...
f6 17. Nc4 Kd7 18. Na5 Kc7 19. b4 Na4 20. Be2 (20. Bb5 Nb6 21. Nxb7 Kxb7 22.
Bxc6+ Ka6 23. Bxa8 Nxa8 24. Rc2) 20... Rd8 21. Kc2 b5 22. Nb3 (22. Kb3) 22...
g6 23. Nd2 f5 24. Kb3 Nb6 25. Bxb5 Rd6 26. Be2 Kb7 27. a4 Be7 28. Bc4 Nd5 29.
Bxd5 cxd5 30. g5 (30. gxf5 gxf5 31. Nb1) 30... Rb6 31. b5 a6 32. Rc2 axb5 33.
a5 Ra6 34. Rhc1 Bd6 35. Nb1 Rxa5 36. Nc3 Ra3+ 37. Kb2 Ra5 38. Rb1 b4 39. Na2
Rha8 40. Nc1 Ra3 41. Nb3 Ra2+ 42. Kc1 Rxc2+ 43. Kxc2 Rc8+ 44. Kb2 Rc3 45. Re1
Kb6 46. Nc1 Kb5 47. Re2 Kc4 48. Rc2 Bf8 (48... Rxc2+ 49. Kxc2 Bxf4 50. exf4
Kxd4) 49. Rxc3+ bxc3+ 50. Kc2 Ba3 51. Ne2 Bb2 52. h4 1/2-1/2

[Event "Harburg-ch Gruppe E"]
[Site "Hamburg"]
[Date "2010.08.22"]
[Round "5"]
[White "Lochmann, Viktor"]
[Black "Krause, Benedict"]
[Result "0-1"]
[WhiteElo "1879"]
[BlackElo "1637"]
[PlyCount "120"]
[EventDate "2010.08.20"]
[EventType "tourn"]
[EventRounds "5"]
[EventCountry "GER"]
[SourceDate "2010.08.20"]

1. Nf3 d5 2. b3 Nf6 3. Bb2 Bf5 4. e3 c6 5. Be2 Nbd7 6. d3 Qc7 7. Nh4 Bg6 8. f4
e6 9. g4 h6 10. Nxg6 fxg6 11. Nd2 Bd6 12. h3 O-O-O 13. Nf3 e5 14. fxe5 Nxe5 15.
Nd4 Rde8 16. Kd2 c5 17. Nf3 Nxf3+ 18. Bxf3 Be5 19. c3 Re6 20. Kc2 Bg3 21. Qg1
Rhe8 22. Bc1 Bh4 23. Bd2 Bg5 24. Re1 d4 25. e4 Bxd2 26. Kxd2 Qf4+ 27. Ke2 Nd5
28. cxd4 Nc3+ 29. Kf2 Rf6 30. Qg3 Ref8 31. Qxf4 Rxf4 32. dxc5 Rxf3+ 33. Kg1
Rxd3 34. e5 Kd7 35. e6+ Ke7 36. Rh2 Rf6 37. a4 Rxe6 38. Rxe6+ Kxe6 39. Rc2 Kd7
40. b4 Kc6 41. Kg2 Nxa4 42. Rf2 g5 43. Rf7 Rd7 44. b5+ Kc7 45. Rf5 Nc3 46. c6
bxc6 47. bxc6 Kxc6 48. Ra5 Rf7 49. Ra3 Nb5 50. Ra4 Kb6 51. Re4 a5 52. Ra4 Nc3
53. Ra3 Nd5 54. Kg3 Kb5 55. h4 Re7 56. hxg5 Re3+ 57. Rxe3 Nxe3 58. Kf4 Nxg4 59.
Kxg4 hxg5 60. Kxg5 a4 0-1

[Event "Harburg-ch Gruppe E"]
[Site "Hamburg"]
[Date "2010.08.22"]
[Round "5"]
[White "Moeller, Dustin"]
[Black "Schuette, Ulrich"]
[Result "1-0"]
[WhiteElo "1842"]
[BlackElo "1854"]
[PlyCount "36"]
[EventDate "2010.08.20"]
[EventType "tourn"]
[EventRounds "5"]
[EventCountry "GER"]
[SourceDate "2010.08.20"]

1. c4 c6 2. g3 d5 3. Bg2 dxc4 4. Na3 Bf5 5. Nxc4 Nd7 6. d3 e5 7. Nf3 Qc7 8. O-O
Bc5 9. Be3 f6 10. Bxc5 Nxc5 11. d4 exd4 12. Qxd4 Ne6 13. Qe3 b5 14. Nd4 Kf7 15.
Nxf5 bxc4 16. Rfd1 g6 17. Nd6+ Ke7 18. Nxc4 h5 1-0

[Event "Harburg-ch Gruppe E"]
[Site "Hamburg"]
[Date "2010.08.22"]
[Round "5"]
[White "Klausch, Uwe"]
[Black "Kolschewski, Tobias"]
[Result "1-0"]
[WhiteElo "1780"]
[BlackElo "1682"]
[PlyCount "83"]
[EventDate "2010.08.20"]
[EventType "tourn"]
[EventRounds "5"]
[EventCountry "GER"]
[SourceDate "2010.08.20"]

1. e4 c5 2. Nf3 d6 3. d4 cxd4 4. Nxd4 Nf6 5. Nc3 g6 6. Be3 Bg7 7. f3 Nc6 8. Bc4
O-O 9. Qd2 Bd7 10. O-O-O Rb8 11. Kb1 a6 12. g4 b5 13. Bd3 Ne5 14. Be2 Nc4 15.
Bxc4 bxc4 16. Ka1 Qa5 17. Nd5 Qd8 18. Nc3 Qb6 19. Rb1 Qb7 20. h4 h5 21. gxh5
Nxh5 22. Bh6 Rfd8 23. Bxg7 Kxg7 24. Rhg1 e5 25. Nf5+ Bxf5 26. exf5 Qxf3 27.
fxg6 fxg6 28. Rbf1 Qb7 29. Rxg6+ Kh8 30. Rh6+ Kg8 31. Rg1+ Ng7 32. b3 cxb3 33.
axb3 Rbc8 34. Rhg6 Rc7 35. Nd5 Rf7 36. Nf6+ Kf8 37. Qh6 Qc6 38. Rxg7 Qxc2 39.
Rg8+ Ke7 40. Nd5+ Kd7 41. Rxd8+ Kxd8 42. Qxd6+ 1-0

[Event "Harburg-ch Gruppe F"]
[Site "Hamburg"]
[Date "2010.08.20"]
[Round "1"]
[White "Xin, Ruidi"]
[Black "Kepler, Ewgenij"]
[Result "0-1"]
[WhiteElo "1706"]
[BlackElo "1716"]
[PlyCount "36"]
[EventDate "2010.08.20"]
[EventType "tourn"]
[EventRounds "5"]
[EventCountry "GER"]
[SourceDate "2010.08.20"]

1. e4 e5 2. Nf3 Nc6 3. Bc4 Nf6 4. Ng5 d5 5. exd5 Nd4 6. d6 Qxd6 7. Nc3 Qc6 8.
Bxf7+ Ke7 9. O-O h6 10. f4 hxg5 11. fxe5 Kxf7 12. exf6 Bc5 13. Kh1 gxf6 14. d3
Qd6 15. Rxf6+ Qxf6 16. Ne4 Rxh2+ 17. Kxh2 Qh6+ 18. Kg1 Nf3+ 0-1

[Event "Harburg-ch Gruppe F"]
[Site "Hamburg"]
[Date "2010.08.20"]
[Round "1"]
[White "Olschok, Juergen"]
[Black "Nonnenmacher, Lars"]
[Result "0-1"]
[WhiteElo "1817"]
[BlackElo "1768"]
[PlyCount "56"]
[EventDate "2010.08.20"]
[EventType "tourn"]
[EventRounds "5"]
[EventCountry "GER"]
[SourceDate "2010.08.20"]

1. e4 Nf6 2. Nc3 d5 3. exd5 Nxd5 4. d4 Nc6 5. Nf3 Bf5 6. Nxd5 Qxd5 7. c3 e5 8.
Be3 exd4 9. Nxd4 O-O-O 10. Nxf5 Qxf5 11. Qf3 Qe6 12. Be2 f5 13. O-O Bd6 14.
Rad1 h6 15. b3 g5 16. Bc4 Qe5 17. g3 f4 18. Qg4+ Kb8 19. Bd4 Nxd4 20. cxd4 Qg7
21. Rfe1 fxg3 22. hxg3 h5 23. Qe6 h4 24. g4 Rhf8 25. Bf1 a6 26. Qc4 Qf6 27. Rd2
Qf4 28. Qd3 Qh2# 0-1

[Event "Harburg-ch Gruppe F"]
[Site "Hamburg"]
[Date "2010.08.20"]
[Round "1"]
[White "Schwarz, Nico"]
[Black "Evers, Annika"]
[Result "0-1"]
[WhiteElo "1642"]
[BlackElo "1677"]
[PlyCount "90"]
[EventDate "2010.08.20"]
[EventType "tourn"]
[EventRounds "5"]
[EventCountry "GER"]
[SourceDate "2010.08.20"]

1. e4 c5 2. Nc3 Nc6 3. Nf3 e6 4. d4 cxd4 5. Nxd4 Nf6 6. Bg5 Bb4 7. Bb5 Qa5 8.
Bxf6 gxf6 9. Nxc6 bxc6 10. Bd3 Bxc3+ 11. bxc3 Qxc3+ 12. Ke2 Qe5 13. g3 d5 14.
f4 Qh5+ 15. Kf2 Qh6 16. Rb1 Qf8 (16... O-O) 17. Re1 Qc5+ 18. Kg2 Ke7 19. Qh5
Bd7 20. Rb7 Qa5 21. Rxd7+ Kxd7 22. Qxf7+ Kd6 23. e5+ fxe5 24. fxe5+ Kc5 25.
Qe7+ Kd4 26. Rf1 (26. Rd1) 26... Rae8 27. Qd6 c5 28. Rf4+ Kc3 29. Qc6 c4 30.
Rf3 Kd4 (30... Kb2) 31. Qd6 cxd3 32. Rf4+ Kc3 33. Qc6+ Kb2 34. Qb7+ Qb6 35.
Rb4+ Kxc2 36. Rxb6 axb6 37. Qxb6 Rc8 38. Qb3+ Kd2 39. Qb4+ Rc3 40. Kf2 Rhc8 41.
Qf4+ Kc2 (41... Kd1) 42. Qa4+ (42. Ke1) 42... Kb2 43. Ke3 R8c4 44. Qd7 Re4+ 45.
Kf3 d2+ 0-1

[Event "Harburg-ch Gruppe F"]
[Site "Hamburg"]
[Date "2010.08.21"]
[Round "2"]
[White "Kepler, Ewgenij"]
[Black "Evers, Annika"]
[Result "1-0"]
[WhiteElo "1716"]
[BlackElo "1677"]
[PlyCount "73"]
[EventDate "2010.08.20"]
[EventType "tourn"]
[EventRounds "5"]
[EventCountry "GER"]
[SourceDate "2010.08.20"]

1. Nf3 c5 2. c4 Nc6 3. g3 g6 4. Bg2 Bg7 5. Nc3 e6 6. d3 Nge7 7. O-O O-O 8. Be3
Nd4 9. Bxd4 cxd4 10. Nb5 Qb6 11. Qd2 d5 12. Na3 Qd8 13. Nc2 dxc4 14. dxc4 e5
15. Rfd1 Be6 16. b3 Nf5 17. Ng5 Bc8 18. Ne4 Nd6 19. Nxd6 Qxd6 20. e3 Bg4 21.
Bxb7 Bxd1 22. Rxd1 Rad8 23. exd4 exd4 24. Bd5 Qa6 25. Nxd4 Bxd4 26. Qxd4 Qxa2
27. Ra1 Qxb3 28. Rxa7 Rde8 29. Qf6 Re6 30. Bxe6 Qb1+ 31. Kg2 Qe4+ 32. Kf1 Qb1+
33. Ke2 Qc2+ 34. Ke3 Qb3+ 35. Ke4 Qc2+ 36. Kd5 Qd3+ 37. Kc5 1-0

[Event "Harburg-ch Gruppe F"]
[Site "Hamburg"]
[Date "2010.08.21"]
[Round "2"]
[White "Nonnenmacher, Lars"]
[Black "Schwarz, Nico"]
[Result "1-0"]
[WhiteElo "1768"]
[BlackElo "1642"]
[PlyCount "27"]
[EventDate "2010.08.20"]
[EventType "tourn"]
[EventRounds "5"]
[EventCountry "GER"]
[SourceDate "2010.08.20"]

1. e4 c5 2. c3 Nc6 3. d4 e5 (3... cxd4 4. cxd4 d5) 4. d5 Nce7 5. Na3 d6 6. Nc4
g6 (6... Ng6) 7. Qa4+ Qd7 8. Nxd6+ Kd8 9. Nxf7+ Ke8 10. Qxd7+ Bxd7 11. Nxh8 Bg7
12. d6 Nc6 13. Bc4 Nf6 14. Nxg6 1-0

[Event "Harburg-ch Gruppe F"]
[Site "Hamburg"]
[Date "2010.08.21"]
[Round "2"]
[White "Xin, Ruidi"]
[Black "Olschok, Juergen"]
[Result "1-0"]
[WhiteElo "1706"]
[BlackElo "1817"]
[PlyCount "49"]
[EventDate "2010.08.20"]
[EventType "tourn"]
[EventRounds "5"]
[EventCountry "GER"]
[SourceDate "2010.08.20"]

1. e4 e6 2. b3 d5 3. Bb2 dxe4 4. Nc3 Nf6 5. Qe2 Bd7 6. Nxe4 Be7 7. O-O-O Nxe4
8. Qxe4 Bc6 9. Qg4 Bf6 10. d4 Qd5 11. Nf3 h5 12. Qg3 Nd7 13. Bc4 Qd6 14. Ne5
Bxe5 15. dxe5 Qe7 16. Qe3 Nb6 17. Be2 h4 18. Bf3 Bxf3 19. Qxf3 c6 20. Kb1 O-O
21. g3 Rad8 22. Rde1 Rd5 23. gxh4 Rfd8 24. Rhg1 Qxh4 25. Rg4 1-0

[Event "Harburg-ch Gruppe F"]
[Site "Hamburg"]
[Date "2010.08.21"]
[Round "3"]
[White "Olschok, Juergen"]
[Black "Kepler, Ewgenij"]
[Result "1/2-1/2"]
[WhiteElo "1817"]
[BlackElo "1716"]
[PlyCount "46"]
[EventDate "2010.08.20"]
[EventType "tourn"]
[EventRounds "5"]
[EventCountry "GER"]
[SourceDate "2010.08.20"]

1. e4 Nf6 2. e5 Nd5 3. c4 Nb6 4. c5 Nd5 5. Bc4 e6 6. d4 d6 7. cxd6 cxd6 8. Nf3
Qc7 9. Bxd5 exd5 10. Nc3 Be6 11. Bf4 Nc6 12. O-O a6 13. Re1 dxe5 14. Nxe5 Nxe5
15. Bxe5 Qd7 16. Qf3 Rc8 17. Rac1 Rc6 18. Qg3 f6 19. Bf4 Bb4 20. a3 Bxc3 21.
Rxc3 Rxc3 22. Qxc3 O-O 23. Rc1 Rc8 1/2-1/2

[Event "Harburg-ch Gruppe F"]
[Site "Hamburg"]
[Date "2010.08.21"]
[Round "3"]
[White "Schwarz, Nico"]
[Black "Xin, Ruidi"]
[Result "0-1"]
[WhiteElo "1642"]
[BlackElo "1706"]
[PlyCount "118"]
[EventDate "2010.08.20"]
[EventType "tourn"]
[EventRounds "5"]
[EventCountry "GER"]
[SourceDate "2010.08.20"]

1. e4 e6 2. d4 c5 3. Nf3 cxd4 4. Nxd4 Nf6 5. Nc3 Nc6 6. Ndb5 Bb4 7. Bg5 Qa5 8.
Bxf6 gxf6 9. Qd2 a6 10. Nd6+ Ke7 11. Rd1 Qc7 12. Nf5+ exf5 13. Nd5+ Kd8 14.
Nxb4 Nxb4 15. Qxb4 fxe4 16. Qd4 Qe5 17. Qxe5 (17. Qb6+) 17... fxe5 18. Bc4 f5
19. O-O b5 20. Bb3 Ke7 21. Rd5 d6 22. Rfd1 Rd8 23. Kf1 Be6 24. R5d2 Bc4+ 25.
Bxc4 bxc4 26. Rd5 Rab8 27. b3 c3 28. Ra5 Rb6 29. Ra4 d5 30. Ra5 Rbd6 31. Rc5 d4
32. Rxe5+ Kf6 33. Rc5 Rd5 34. Rc7 h5 35. Ke1 f4 36. Rc6+ R8d6 37. Rxd6+ (37.
Rc8) 37... Rxd6 38. f3 e3 (38... d3 39. fxe4 d2+ 40. Ke2 Rd4) 39. Ke2 Ke5 40.
Kd3 Kd5 41. Re1 Rg6 42. Rg1 Re6 43. Re1 Rd6 44. Rd1 Kc5 45. a3 a5 46. a4 (46.
g3) 46... Kb4 47. Ra1 Rg6 48. Rg1 Ka3 49. g3 Kb2 50. Rg2 Re6 51. Re2 fxg3 (
51... Rf6) 52. hxg3 Rg6 53. Rg2 (53. Kxd4 Rxg3 54. Rxe3 h4 55. Rxc3 h3 56. Rc5
Rxf3 57. Rh5 Kxc2 58. Kc4 Rc3+ 59. Kb5 Rxb3+ 60. Kxa5 Kd1 61. Ka6 Ke2 62. a5
Kf2 63. Ka7 Kg2 64. a6 h2 65. Rxh2+ Kxh2 66. Ka8 Kg3 67. a7 Kf4) 53... h4 54.
g4 Rf6 55. g5 Rxf3 56. g6 Rf2 57. Rg1 e2 58. g7 Rf1 59. g8=Q e1=Q 0-1

[Event "Harburg-ch Gruppe F"]
[Site "Hamburg"]
[Date "2010.08.21"]
[Round "3"]
[White "Evers, Annika"]
[Black "Nonnenmacher, Lars"]
[Result "1-0"]
[WhiteElo "1677"]
[BlackElo "1768"]
[PlyCount "121"]
[EventDate "2010.08.20"]
[EventType "tourn"]
[EventRounds "5"]
[EventCountry "GER"]
[SourceDate "2010.08.20"]

1. d4 d5 2. Nf3 Nf6 3. e3 c6 4. Bd3 Bg4 5. O-O Nbd7 6. Nbd2 e6 7. b3 Bd6 8. Bb2
O-O 9. Qe1 Qc7 10. c4 b6 11. Rc1 c5 12. b4 Qb8 13. dxc5 bxc5 14. Bxf6 gxf6 15.
cxd5 exd5 16. bxc5 Nxc5 17. Rb1 Qc7 18. Be2 Ne4 19. h3 Be6 20. Bd3 f5 21. Nd4
Kh8 22. Nb5 Qe7 23. Nxd6 Nxd6 24. Nf3 Rg8 25. Qc3+ f6 26. Rfc1 Qg7 27. Bf1 Nc4
(27... f4 28. exf4 Bf5 29. Ra1 Ne4 30. Qc7 Bxh3) 28. Nd4 Bc8 29. g3 Qh6 30. Bg2
Nb6 31. Rxb6 axb6 32. Bxd5 Bd7 33. Bxa8 Rxa8 34. Qd3 Qxh3 35. Qf1 Qxf1+ 36.
Kxf1 Rc8 37. Rxc8+ Bxc8 38. Ke2 Kg7 39. Kd3 Bd7 40. Kc4 Kf7 41. Kd5 Ke7 42. a3
(42. Nc6+ Kf7 43. Kd6 Be8 44. Nd4 Kg6 45. Kc7 b5 46. a3) 42... h5 43. f3 f4 44.
exf4 Ba4 45. g4 hxg4 46. fxg4 Bd1 47. g5 fxg5 48. fxg5 Kf7 49. Ke5 Kg6 50. Kf4
Ba4 51. Nf3 Bb3 52. Nh4+ Kg7 53. g6 b5 (53... Kf6) 54. Kg5 Ba2 55. Nf5+ Kf8 56.
Kf6 Ke8 57. Nd6+ Kd7 58. Nxb5 Kc6 59. Nd4+ Kd5 60. Ne6 Kd6 61. Ng5 1-0

[Event "Harburg-ch Gruppe F"]
[Site "Hamburg"]
[Date "2010.08.22"]
[Round "4"]
[White "Kepler, Ewgenij"]
[Black "Nonnenmacher, Lars"]
[Result "0-1"]
[WhiteElo "1716"]
[BlackElo "1768"]
[PlyCount "36"]
[EventDate "2010.08.20"]
[EventType "tourn"]
[EventRounds "5"]
[EventCountry "GER"]
[SourceDate "2010.08.20"]

1. Nf3 d5 2. c4 Nf6 3. g3 Nc6 4. d4 Bg4 5. Ne5 dxc4 6. Nxc6 Qd5 7. f3 Qxc6 8.
d5 Nxd5 9. fxg4 Nc3 10. Nxc3 Qxh1 11. e4 (11. Bf4) 11... Qxh2 12. Bf4 (12. Qf3)
12... c6 (12... Qxb2) 13. Nd5 (13. Nb5 cxb5 14. Qd5 Qxb2 15. Rd1 f6 16. Qxb7)
13... O-O-O 14. Nb6+ axb6 15. Qa4 e5 16. Qa8+ Kc7 17. Bxe5+ Bd6 18. Bxd6+ Rxd6
0-1

[Event "Harburg-ch Gruppe F"]
[Site "Hamburg"]
[Date "2010.08.22"]
[Round "4"]
[White "Xin, Ruidi"]
[Black "Evers, Annika"]
[Result "1-0"]
[WhiteElo "1706"]
[BlackElo "1677"]
[PlyCount "119"]
[EventDate "2010.08.20"]
[EventType "tourn"]
[EventRounds "5"]
[EventCountry "GER"]
[SourceDate "2010.08.20"]

1. e4 c5 2. a3 Nc6 3. b4 b6 4. Nc3 g6 5. b5 Nd4 6. Bc4 e6 7. Nf3 Bg7 8. O-O Ne7
9. Bb2 O-O 10. Nxd4 cxd4 11. Ne2 d3 12. Nc3 dxc2 13. Qxc2 Bb7 14. Rae1 Rc8 15.
Ba2 Qc7 16. Qb1 Qf4 17. Na4 Bxb2 18. Qxb2 Bxe4 19. Qb4 Rc2 20. Rxe4 Qxd2 21.
Bb1 Nd5 22. Qxd2 Rxd2 23. Rc4 a6 24. Rc2 Rxc2 25. Bxc2 axb5 26. Nb2 b4 27. axb4
Nxb4 28. Bb3 Rc8 29. Nc4 Nd5 30. Ne5 Nf6 31. Ba4 d5 32. f3 Ra8 33. Bc6 Ra2 34.
g4 Kf8 35. Rb1 Re2 36. Nd7+ Nxd7 37. Bxd7 Ke7 38. Ba4 Ra2 39. Bd1 Kd7 40. Rc1
Ra8 41. Kg2 Rb8 42. Ba4+ Kd6 43. Bb5 d4 44. Rc6+ Ke5 45. Kg3 f5 46. g5 Kd5 47.
Rc7 e5 48. Rxh7 Kc5 49. Bd3 b5 50. Rh6 Rb6 51. h4 Rd6 52. h5 gxh5 53. Rxd6 Kxd6
54. Bxf5 Ke7 55. Kh4 b4 56. Kxh5 Kf7 57. Kh6 b3 58. Kh7 b2 59. g6+ Kf6 60. g7
1-0

[Event "Harburg-ch Gruppe F"]
[Site "Hamburg"]
[Date "2010.08.22"]
[Round "4"]
[White "Olschok, Juergen"]
[Black "Schwarz, Nico"]
[Result "0-1"]
[WhiteElo "1817"]
[BlackElo "1642"]
[PlyCount "46"]
[EventDate "2010.08.20"]
[EventType "tourn"]
[EventRounds "5"]
[EventCountry "GER"]
[SourceDate "2010.08.20"]

1. e4 c5 2. c3 Nc6 3. d4 e5 4. Nf3 cxd4 5. cxd4 exd4 6. Bc4 Nf6 7. O-O Nxe4 8.
Bd5 Nf6 9. Bg5 Be7 10. Bxf6 Bxf6 11. Re1+ Ne7 12. Nxd4 Qa5 13. Nf5 Kd8 14. Nxe7
Re8 15. Nc3 Bxc3 16. Re3 Bxb2 17. Rb1 Rxe7 18. Rxe7 Kxe7 19. Rxb2 Rb8 20. Re2+
Kf8 21. Bxb7 Qb6 22. Bd5 Qd4 23. Rd2 Qxd2 0-1

[Event "Harburg-ch Gruppe F"]
[Site "Hamburg"]
[Date "2010.08.22"]
[Round "5"]
[White "Evers, Annika"]
[Black "Olschok, Juergen"]
[Result "0-1"]
[WhiteElo "1677"]
[BlackElo "1817"]
[PlyCount "100"]
[EventDate "2010.08.20"]
[EventType "tourn"]
[EventRounds "5"]
[EventCountry "GER"]
[SourceDate "2010.08.20"]

1. d4 Nf6 2. Nf3 d5 3. e3 e6 4. Bd3 c5 5. b3 Nc6 6. O-O Bd7 7. Bb2 cxd4 8. exd4
Rc8 9. a3 Bd6 10. Nbd2 O-O 11. Ne5 Ne7 12. f4 g6 13. Qe1 Ne8 14. Rf3 Bxe5 15.
dxe5 Ng7 16. Rh3 h5 17. Qe2 Nef5 18. Nf3 Qb6+ 19. Kh1 Qe3 20. Qxe3 Nxe3 21. Nd4
Nef5 22. Nxf5 Nxf5 23. Rg1 Bc6 24. b4 a6 25. Ra1 Rfd8 26. a4 b5 27. axb5 Bxb5
28. Rc1 Bxd3 29. cxd3 Rxc1+ 30. Bxc1 Rc8 31. Ba3 Rc3 32. d4 Rxh3 33. gxh3 Nxd4
34. Bc1 Kf8 35. Kg2 Ke7 36. Kf2 Kd7 37. Be3 Nb3 38. Ke2 Kc6 39. Kd3 Kb5 40. Kc3
d4+ 41. Kxb3 dxe3 42. Kc3 e2 43. Kd2 Kxb4 44. Kxe2 Kc3 45. Kf3 a5 46. Kg3 Kd3
47. Kh4 Ke4 48. Kg5 a4 49. Kf6 a3 50. Kxf7 Kf5 0-1

[Event "Harburg-ch Gruppe F"]
[Site "Hamburg"]
[Date "2010.08.22"]
[Round "5"]
[White "Nonnenmacher, Lars"]
[Black "Xin, Ruidi"]
[Result "1/2-1/2"]
[WhiteElo "1768"]
[BlackElo "1706"]
[PlyCount "37"]
[EventDate "2010.08.20"]
[EventType "tourn"]
[EventRounds "5"]
[EventCountry "GER"]
[SourceDate "2010.08.20"]

1. e4 e6 2. d4 c5 3. d5 Nf6 4. dxe6 fxe6 5. e5 Ng8 6. Bd3 g6 7. h4 c4 8. Bxc4
Qa5+ 9. Bd2 Qxe5+ 10. Ne2 Nc6 11. a3 Qg7 12. Bc3 Nf6 13. Nd2 d5 14. Bb5 Bd6 15.
Ne4 Be7 16. Ng5 O-O 17. Bxc6 bxc6 18. Nd4 Bc5 19. Qe2 1/2-1/2

[Event "Harburg-ch Gruppe G"]
[Site "Hamburg"]
[Date "2010.08.20"]
[Round "1"]
[White "Janke, Hendrik"]
[Black "Rosenburg, Thies"]
[Result "1/2-1/2"]
[WhiteElo "1523"]
[BlackElo "1589"]
[PlyCount "43"]
[EventDate "2010.08.20"]
[EventType "tourn"]
[EventRounds "5"]
[EventCountry "GER"]
[SourceDate "2010.08.20"]

1. e4 e5 2. Nf3 Nf6 3. Nxe5 d6 4. Nf3 Nxe4 5. Qe2 Qe7 6. Nc3 Nxc3 7. dxc3 Nc6
8. Bg5 f6 9. Be3 Be6 10. Nd4 Nxd4 11. Bxd4 g6 12. O-O-O c5 13. Be3 O-O-O 14. g3
Qc7 15. Bg2 (15. Bxc5) 15... Bg7 16. Bf4 Rhe8 17. Qf3 Bf8 18. Rd2 g5 19. Be3
Be7 20. Re1 Bd7 21. Qh5 Bf5 22. Bh3 1/2-1/2

[Event "Harburg-ch Gruppe G"]
[Site "Hamburg"]
[Date "2010.08.20"]
[Round "1"]
[White "Rosenburg, Hauke"]
[Black "Ukena, Riko"]
[Result "1/2-1/2"]
[WhiteElo "1618"]
[BlackElo "1571"]
[PlyCount "41"]
[EventDate "2010.08.20"]
[EventType "tourn"]
[EventRounds "5"]
[EventCountry "GER"]
[SourceDate "2010.08.20"]

1. c4 c5 2. Nc3 Nf6 3. Nf3 g6 4. d4 cxd4 5. Nxd4 Bg7 6. e3 Nc6 7. Be2 O-O 8.
O-O b6 9. a3 a5 10. Bf3 Bb7 11. Qa4 Nxd4 12. Bxb7 Ra7 13. exd4 Rxb7 14. Qb5 Qc7
15. g3 Qc6 16. Re1 Qxb5 17. Nxb5 d5 18. cxd5 Nxd5 19. Be3 Rc8 20. Rac1 Rbb8 21.
Kf1 1/2-1/2

[Event "Harburg-ch Gruppe G"]
[Site "Hamburg"]
[Date "2010.08.20"]
[Round "1"]
[White "Frenzel, Uwe"]
[Black "Schoknecht, Sabine"]
[Result "0-1"]
[WhiteElo "1561"]
[BlackElo "1595"]
[PlyCount "64"]
[EventDate "2010.08.20"]
[EventType "tourn"]
[EventRounds "5"]
[EventCountry "GER"]
[SourceDate "2010.08.20"]

1. d4 d5 2. Nf3 c6 3. c3 Bf5 4. e3 e6 5. Bd3 Bg6 6. Qc2 Nf6 7. Nbd2 Bd6 8. e4
dxe4 9. Nxe4 Nxe4 10. Bxe4 Nd7 11. Bd2 Qc7 12. h3 Nf6 13. Bd3 Nd5 14. g3 Bxg3
15. O-O-O Bd6 16. Rde1 c5 17. Qa4+ Kf8 18. Bxg6 hxg6 19. dxc5 Bxc5 20. Kb1 Bxf2
21. Re2 Bc5 22. Ng5 Rd8 23. Rf1 (23. Rxe6) 23... Nf6 24. Bc1 Qe7 25. Qc4 Rd5
26. b4 Rh5 27. h4 (27. bxc5 Rdxg5 28. Bxg5 Rxg5 29. c6) 27... Bb6 28. Rxe6 fxe6
29. Ba3 Kg8 30. b5 Qxa3 31. Nxe6 Qd6 32. Qc8+ Bd8 0-1

[Event "Harburg-ch Gruppe G"]
[Site "Hamburg"]
[Date "2010.08.21"]
[Round "2"]
[White "Rosenburg, Thies"]
[Black "Schoknecht, Sabine"]
[Result "1-0"]
[WhiteElo "1589"]
[BlackElo "1595"]
[PlyCount "95"]
[EventDate "2010.08.20"]
[EventType "tourn"]
[EventRounds "5"]
[EventCountry "GER"]
[SourceDate "2010.08.20"]

1. e4 c6 2. d4 d5 3. f3 dxe4 4. fxe4 e5 5. Nf3 exd4 (5... Be6) (5... Bg4) 6.
Qxd4 (6. Bc4) 6... Qxd4 7. Nxd4 Bc5 8. c3 Nd7 9. b4 Bb6 10. Bf4 Ngf6 11. Bd3
O-O 12. O-O Ng4 13. Kh1 Nge5 14. Bc2 Bc7 15. Nd2 Bd8 16. N2f3 Bf6 17. Rad1 Nxf3
18. gxf3 a6 19. Bd6 Re8 20. f4 Nb6 21. e5 Bh4 22. Nf3 Bd8 23. Bb3 Bf5 24. c4 a5
25. c5 Nc8 26. a3 axb4 27. axb4 Be4 28. Rd4 Bf5 29. Rd2 Ra3 30. Bc2 Bxc2 31.
Rxc2 Rb3 32. Rc4 Ne7 33. Bxe7 Bxe7 34. Nd4 Ra3 35. Nf5 Bf8 36. Rd1 Rb8 37. Rd7
b6 38. cxb6 Rxb6 39. Rd8 g6 40. Rxc6 Rxc6 41. Ne7+ Kg7 42. Nxc6 Rb3 43. Rb8 h6
44. Kg2 g5 45. f5 Bxb4 46. Rxb4 Re3 47. Rb7 Re4 48. e6 1-0

[Event "Harburg-ch Gruppe G"]
[Site "Hamburg"]
[Date "2010.08.21"]
[Round "2"]
[White "Ukena, Riko"]
[Black "Frenzel, Uwe"]
[Result "0-1"]
[WhiteElo "1571"]
[BlackElo "1561"]
[PlyCount "76"]
[EventDate "2010.08.20"]
[EventType "tourn"]
[EventRounds "5"]
[EventCountry "GER"]
[SourceDate "2010.08.20"]

1. c4 e5 2. g3 Nf6 3. Bg2 c6 4. d4 exd4 5. Qxd4 Be7 6. Nc3 O-O 7. Nf3 b6 8. O-O
Bb7 9. Re1 d5 10. cxd5 cxd5 11. Ne5 Bc5 12. Qd3 Na6 13. a3 Nc7 14. b4 Bd6 15.
Nf3 Re8 16. Bb2 Qd7 17. Rad1 Rad8 18. Nd2 Be5 19. f4 Bxc3 20. Bxc3 Qe7 21. Bxf6
Qxf6 22. Nb3 Qe7 23. Nd4 g6 24. b5 Rd6 25. Rc1 Qd7 26. Qc3 Nxb5 27. Nxb5 Qxb5
28. Qb4 Qd7 29. Rc2 Ba6 30. Rec1 Bc4 31. Rd2 b5 32. e4 a5 33. Qc5 Rc6 34. Qd4
Rd6 35. exd5 Rd8 36. Rcd1 a4 37. Bf1 Rxd5 38. Qf6 Rxd2 0-1

[Event "Harburg-ch Gruppe G"]
[Site "Hamburg"]
[Date "2010.08.21"]
[Round "2"]
[White "Janke, Hendrik"]
[Black "Rosenburg, Hauke"]
[Result "0-1"]
[WhiteElo "1523"]
[BlackElo "1618"]
[PlyCount "86"]
[EventDate "2010.08.20"]
[EventType "tourn"]
[EventRounds "5"]
[EventCountry "GER"]
[SourceDate "2010.08.20"]

1. e4 d5 2. exd5 Qxd5 3. Nc3 Qa5 4. d4 c6 5. Bc4 Nf6 6. Nf3 Bg4 7. Qe2 e6 8.
Bd2 Qd8 9. Be3 Bb4 10. h3 Bh5 11. a3 Bxc3+ 12. bxc3 Qa5 13. Bd2 Nd5 14. Bxd5
Qxd5 15. c4 Bxf3 16. cxd5 Bxe2 17. Kxe2 cxd5 18. Rab1 b6 19. Bb4 Nc6 20. c3 Kd7
21. a4 Rhc8 22. Kd3 Rc7 23. Rhc1 Rac8 24. Rc2 Nxb4+ 25. Rxb4 Rc4 26. f4 Rxb4
27. cxb4 Rxc2 28. Kxc2 f6 29. g4 Kd6 30. Kd3 g6 31. h4 e5 32. dxe5+ (32. f5
gxf5 33. gxf5 a5 34. b5 exd4 35. Kxd4 h5) 32... fxe5 33. fxe5+ Kxe5 34. a5 b5
35. Ke3 d4+ 36. Kd3 Kd5 37. h5 g5 38. a6 h6 39. Kc2 Ke4 40. Kd2 d3 41. Kd1 Kd4
42. Kd2 Kc4 43. Ke3 Kc3 0-1